Logo BPK

Biblioteka

Politechniki Koszalińskiej

Obsługa układów kierowniczych hamulcowych i zawieszenia pojazdów samochodowych / (Rekord nr 17999)

Szczegóły MARC
000 -ETYKIETA REKORDU
podpole kontrolne o stałej długości 00372nam a2200133 i 4500
001 - NUMER KONTROLNY REKORDU
pole kontrolne bg
040 ## - ŹRÓDŁO KATALOGOWANIA
Instytucja, która utworzyła rekord BPK
041 ## - KOD JĘZYKA
Kod języka tekstu pol
008 - POLE O STAŁEJ DŁUGOŚCI - DANE KONTROLNE
podpole kontrolne o stałej długości s pl f |000 0 pol
100 1# - NAZWA OSOBOWA
Nazwa osobowa Abbey, Staton
Daty związane z nazwą (1912- ).
245 10 - TYTUŁ/ODPOWIEDZIALNOŚĆ
Tytuł Obsługa układów kierowniczych hamulcowych i zawieszenia pojazdów samochodowych /
Pozostałe elementy strefy tytułu i oznaczenia odpowiedzialności Staton Abbey.
260 ## - STREFA ADRESU WYDAWNICZEGO
Miejsce wydania Warszawa,
Data publikacji, dystrybucji/powstania dokumentu 1978.
856 ## - LOKALIZACJA I DOSTĘP DO ELEKTRONICZNYCH DOKUMENTÓW ZDALNYCH
Link (URL) http://koha.tu.koszalin.pl/cgi-bin/koha/opac-detail.pl?biblionumber=17999
Tekst linku Katalog online BPK
942 ## - DODATKOWE ELEMENTY (KOHA)
Typ dokumentu Książka
Egzemplarze
Wycofany Status egzemplarza Uszkodzony Dostępność Lokalizacja stała Lokalizacja bieżąca Miejsce przechowywania Sygnatura Kod kreskowy Ostatnio wypożyczono Typ dokumentu
      Dostępny Biblioteka Politechniki Koszalińskiej Biblioteka Politechniki Koszalińskiej Wypożyczalnia BG 23735 02031750 01.02.2017 Książka
      Dostępny Biblioteka Politechniki Koszalińskiej Biblioteka Politechniki Koszalińskiej Wypożyczalnia BG 23736 01131109 01.02.2021 Książka
© 2023 Biblioteka Politechniki Koszalińskiej :: KOHA